[Event "COL-chT Cup"]
[Site "Bogota"]
[Date "2015.06.07"]
[Round "4.3"]
[White "Palacios, Ivan"]
[Black "Cruz Barragan, Eduardo"]
[Result "0-1"]
[WhiteElo "1959"]
[BlackElo "1633"]
[PlyCount "76"]
[EventDate "2015.06.06"]
[EventType "team-swiss"]
[EventRounds "6"]
[EventCountry "COL"]
[SourceTitle "CBM 166 Extra"]
[Source "ChessBase"]
[SourceDate "2015.06.18"]
[SourceVersion "1"]
[SourceVersionDate "2015.06.18"]
[SourceQuality "1"]
[WhiteTeam "Choco"]
[BlackTeam "Narino"]
[WhiteTeamCountry "COL"]
[BlackTeamCountry "COL"]

1. e4 e5 2. Nf3 Nc6 3. Bb5 Nf6 4. Bxc6 dxc6 5. d3 Bd6 6. Bg5 h6 7. Bh4 c5 8. Nc3 c6 9. Bg3 Qe7 10. a4 b6 11. a5 b5 12. b3 0-0 13. h3 Rd8 14. Qb1 Nh5 15. 0-0 f5 16. exf5 Bxf5 17. Bxe5 Bxe5 18. Re1 Qf6 19. Rxe5 Nf4 20. Rxc5 Re8 21. Qf1 Re6 22. Re1 Rae8 23. Rxe6 Rxe6 24. b4 a6 25. Nd2 Bxh3 26. gxh3 Qg6+ 27. Kh2 Re1 28. Nd5 cxd5 29. Rc6 Qf5 30. Kg3 Rxf1 31. Nxf1 Ne2+ 32. Kg2 d4 33. Rxa6 Qd5+ 34. f3 Nf4+ 35. Kf2 Nxh3+ 36. Kg3 Ng5 37. Nd2 Qe5+ 38. f4 Qe3+ 0-1

[Event "COL-chT Cup"]
[Site "Bogota"]
[Date "2015.06.07"]
[Round "3.3"]
[White "Torres, Jose Leonardo"]
[Black "Palacios, Ivan"]
[Result "1/2-1/2"]
[WhiteElo "1918"]
[BlackElo "1959"]
[PlyCount "98"]
[EventDate "2015.06.06"]
[EventType "team-swiss"]
[EventRounds "6"]
[EventCountry "COL"]
[SourceTitle "CBM 166 Extra"]
[Source "ChessBase"]
[SourceDate "2015.06.18"]
[SourceVersion "1"]
[SourceVersionDate "2015.06.18"]
[SourceQuality "1"]
[WhiteTeam "Shabaku Cun"]
[BlackTeam "Choco"]
[WhiteTeamCountry "COL"]
[BlackTeamCountry "COL"]

1. e4 e5 2. d4 exd4 3. Qxd4 Nc6 4. Qe3 d6 5. Bd2 Nf6 6. Nc3 Be7 7. f3 0-0 8. 0-0-0 a6 9. Kb1 b5 10. g4 Ne5 11. g5 Ne8 12. f4 Nc4 13. Bxc4 bxc4 14. Nf3 Bg4 15. Rdg1 Bxf3 16. Qxf3 c6 17. h4 Nc7 18. h5 d5 19. f5 Bc5 20. Rd1 Nb5 21. Nxb5 axb5 22. g6 dxe4 23. Qxe4 Qd5 24. gxh7+ Kxh7 25. Qxd5 cxd5 26. h6 g6 27. fxg6+ fxg6 28. Bc3 Rf5 29. Bg7 Re8 30. Rh2 Re4 31. a3 d4 32. Rhd2 Rff4 33. Ka2 g5 34. b4 Bb6 35. a4 bxa4 36. Ka3 g4 37. Kxa4 g3 38. Kb5 c3 39. Rg2 Bc7 40. Kc6 Rf2 41. Rdg1 Ree2 42. Rxg3 Bxg3 43. Rxg3 Rxc2 44. Bxd4 Rg2 45. Rxg2 Rxg2 46. Bxc3 Rc2 47. b5 Rxc3+ 48. Kd6 Kxh6 49. b6 Kg6 1/2-1/2

[Event "COL-ch Amateur"]
[Site "Villavicencio"]
[Date "2015.02.20"]
[Round "6"]
[White "Alvarez Gamez, Ismael"]
[Black "Palacios, Ivan"]
[Result "1/2-1/2"]
[WhiteElo "1938"]
[BlackElo "1959"]
[PlyCount "35"]
[EventDate "2015.02.18"]
[EventType "swiss"]
[EventRounds "9"]
[EventCountry "COL"]
[SourceTitle "CBM 165 Extra"]
[Source "ChessBase"]
[SourceDate "2015.04.21"]
[SourceVersion "1"]
[SourceVersionDate "2015.04.21"]
[SourceQuality "1"]

1. e4 e5 2. Nf3 d6 3. d4 exd4 4. Nxd4 Nf6 5. Nc3 Be7 6. Be3 0-0 7. f3 Nc6 8. Qd2 Nd7 9. 0-0-0 Nb6 10. Kb1 f5 11. exf5 Bxf5 12. g4 Bd7 13. Be2 Nxd4 14. Bxd4 Bg5 15. Qd3 Qe7 16. Rhe1 Rfe8 17. Bf2 Qf7 18. h4 1/2-1/2

[Event "COL-ch Amateur"]
[Site "Villavicencio"]
[Date "2015.02.20"]
[Round "5"]
[White "Guerrero, Hernando"]
[Black "Palacios, Ivan"]
[Result "0-1"]
[WhiteElo "1866"]
[BlackElo "1959"]
[PlyCount "28"]
[EventDate "2015.02.18"]
[EventType "swiss"]
[EventRounds "9"]
[EventCountry "COL"]
[SourceTitle "CBM 165 Extra"]
[Source "ChessBase"]
[SourceDate "2015.04.21"]
[SourceVersion "1"]
[SourceVersionDate "2015.04.21"]
[SourceQuality "1"]

1. e4 e5 2. Nf3 Nf6 3. Nxe5 d6 4. Nf3 Nxe4 5. d4 d5 6. Bd3 Bd6 7. 0-0 Bg4 8. Re1 f5 9. c4 0-0 10. cxd5 Bxh2+ 11. Kxh2 Nxf2 12. Qe2 Nxd3 13. Qxd3 Bxf3 14. Qxf3 Qh4+ 0-1

[Event "COL-ch Amateur"]
[Site "Villavicencio"]
[Date "2015.02.19"]
[Round "3"]
[White "Palacios, Ivan"]
[Black "Velasco, Luz Mariela"]
[Result "1-0"]
[WhiteElo "1959"]
[BlackElo "1800"]
[PlyCount "43"]
[EventDate "2015.02.18"]
[EventType "swiss"]
[EventRounds "9"]
[EventCountry "COL"]
[SourceTitle "CBM 165 Extra"]
[Source "ChessBase"]
[SourceDate "2015.04.21"]
[SourceVersion "1"]
[SourceVersionDate "2015.04.21"]
[SourceQuality "1"]

1. e4 c5 2. Nf3 e6 3. d4 cxd4 4. Nxd4 a6 5. c4 Nf6 6. Nc3 b6 7. e5 Ng8 8. Bd3 Bb7 9. 0-0 Bc5 10. Qg4 Ne7 11. Nb3 Ng6 12. Nxc5 bxc5 13. f4 Nc6 14. Ne4 0-0 15. Nxc5 f5 16. exf6 Rxf6 17. Ne4 Rf8 18. Ng5 Nce7 19. Qh5 h6 20. Bxg6 Nxg6 21. Qxg6 hxg5 22. fxg5 1-0

[Event "COL-ch Amateur"]
[Site "San Andres Islas"]
[Date "2013.03.17"]
[Round "8"]
[White "Corpus, Jair Samir"]
[Black "Palacios, Ivan"]
[Result "0-1"]
[WhiteElo "1881"]
[BlackElo "1959"]
[PlyCount "41"]
[EventDate "2013.03.13"]
[EventType "swiss"]
[EventRounds "9"]
[EventCountry "COL"]
[SourceTitle "CBM 153 Extra"]
[Source "ChessBase"]
[SourceDate "2013.04.22"]
[SourceVersion "1"]
[SourceVersionDate "2013.04.22"]
[SourceQuality "1"]

1. e4 e5 2. Nf3 Nf6 3. Bc4 Nc6 4. 0-0 Be7 5. d4 exd4 6. e5 Ng4 7. Nxd4 Ngxe5 8. Bb3 0-0 9. Nc3 Nxd4 10. Qxd4 Bf6 11. Qf4 Ng6 12. Qe4 c6 13. Be3 d5 14. Qd3 d4 15. Rad1 dxc3 16. Qe2 Qc7 17. bxc3 a5 18. Qc4 Qe5 19. Qd3 Qxc3 20. Qe2 a4 21. Bc4 0-1

[Event "COL-ch Amateur"]
[Site "San Andres Islas"]
[Date "2013.03.14"]
[Round "4"]
[White "Caceres Bolano, Kabir de Jesus"]
[Black "Palacios, Ivan"]
[Result "0-1"]
[WhiteElo "1381"]
[BlackElo "1959"]
[PlyCount "40"]
[EventDate "2013.03.13"]
[EventType "swiss"]
[EventRounds "9"]
[EventCountry "COL"]
[SourceTitle "CBM 153 Extra"]
[Source "ChessBase"]
[SourceDate "2013.04.22"]
[SourceVersion "1"]
[SourceVersionDate "2013.04.22"]
[SourceQuality "1"]

1. e4 e5 2. Nf3 Nf6 3. Nc3 Nc6 4. Bc4 Be7 5. d3 h6 6. Be3 d6 7. Qd2 Ng4 8. h3 Nxe3 9. Qxe3 0-0 10. a3 Be6 11. Bxe6 fxe6 12. d4 Rxf3 13. Qxf3 Nxd4 14. Qd1 Qe8 15. f4 Bh4+ 16. Kf1 Qf7 17. Ne2 Nxe2 18. Qxe2 Qxf4+ 19. Kg1 Qf7 20. Rf1 Qe7 0-1

[Event "Medellin IRT op"]
[Site "Medellin"]
[Date "2012.08.07"]
[Round "8"]
[White "Palacios, Ivan"]
[Black "Tangarife Garcia, Wilson"]
[Result "1-0"]
[WhiteElo "2012"]
[BlackElo "1630"]
[PlyCount "79"]
[EventDate "2012.08.03"]
[EventType "swiss"]
[EventRounds "9"]
[EventCountry "COL"]
[SourceTitle "CBM 149 Extra"]
[Source "ChessBase"]
[SourceDate "2012.08.24"]
[SourceVersion "1"]
[SourceVersionDate "2012.08.24"]
[SourceQuality "1"]

1. e4 c5 2. Nf3 e6 3. Nc3 Nc6 4. Bb5 Nge7 5. d3 a6 6. Ba4 b5 7. Bb3 Na5 8. 0-0 Nxb3 9. axb3 Nc6 10. Nxb5 Bb7 11. Na3 Be7 12. Nc4 0-0 13. e5 f6 14. exf6 gxf6 15. Bh6 Rf7 16. Qe2 Kh8 17. c3 Qc7 18. Qe3 Rg8 19. Kh1 e5 20. Rg1 d5 21. Na3 d4 22. cxd4 cxd4 23. Qe2 Qb6 24. Qd1 Rg6 25. Nc4 Qd8 26. Qd2 Nb4 27. Ncxe5 fxe5 28. Nxe5 Qd5 29. Nxg6+ hxg6 30. Rae1 Nc6 31. Bf4 Bb4 32. Re8+ Kh7 33. Qc1 Qxb3 34. Bg3 Qxd3 35. Qg5 Qf5 36. Qh4+ Qh5 37. Qe4 Qf5 38. Qe2 d3 39. Qd1 Nd4 40. Be5 1-0

[Event "Medellin IRT op"]
[Site "Medellin"]
[Date "2012.08.06"]
[Round "7"]
[White "Fernandez, Victor"]
[Black "Palacios, Ivan"]
[Result "1/2-1/2"]
[WhiteElo "2040"]
[BlackElo "2012"]
[PlyCount "62"]
[EventDate "2012.08.03"]
[EventType "swiss"]
[EventRounds "9"]
[EventCountry "COL"]
[SourceTitle "CBM 149 Extra"]
[Source "ChessBase"]
[SourceDate "2012.08.24"]
[SourceVersion "1"]
[SourceVersionDate "2012.08.24"]
[SourceQuality "1"]

1. c4 c6 2. Nc3 Nf6 3. g3 e6 4. Bg2 d5 5. cxd5 exd5 6. d3 Bb4 7. Bd2 0-0 8. Nf3 d4 9. Nb1 Be7 10. 0-0 Qb6 11. b3 a5 12. Bg5 Nbd7 13. Nbd2 h6 14. Nc4 Qa7 15. Bf4 Bb4 16. Rc1 Nd5 17. Bd2 f6 18. a3 Be7 19. Ra1 Nc3 20. Bxc3 dxc3 21. Ne3 b5 22. Nh4 Ne5 23. b4 axb4 24. axb4 Qxa1 25. Qb3+ Kh7 26. Rxa1 Rxa1+ 27. Nf1 g5 28. Be4+ Kg7 29. Nf5+ Bxf5 30. Bxf5 Bxb4 31. d4 c5 1/2-1/2

[Event "Puerto Boyaca op"]
[Site "Puerto Boyaca"]
[Date "2012.04.29"]
[Round "7"]
[White "Lopez Hernandez, Carlos Manuel"]
[Black "Palacios, Ivan"]
[Result "1-0"]
[WhiteElo "2313"]
[BlackElo "2061"]
[PlyCount "49"]
[EventDate "2012.04.26"]
[EventType "swiss"]
[EventRounds "10"]
[EventCountry "COL"]
[SourceTitle "CBM 148 Extra"]
[Source "ChessBase"]
[SourceDate "2012.06.22"]
[SourceVersion "1"]
[SourceVersionDate "2012.06.22"]
[SourceQuality "1"]

1. d4 d5 2. c4 c6 3. Nf3 Nf6 4. Nc3 e6 5. Bg5 dxc4 6. e4 b5 7. e5 h6 8. Bh4 g5 9. exf6 gxh4 10. Ne5 Bb4 11. Be2 Qxf6 12. a4 Bxc3+ 13. bxc3 a6 14. Bf3 h3 15. axb5 hxg2 16. Rg1 Rg8 17. bxc6 Ra7 18. Qb1 Ra8 19. Qh7 Rg5 20. Bxg2 Rxe5+ 21. dxe5 Qxe5+ 22. Kf1 Qxc3 23. Rd1 Ke7 24. Qg8 Nxc6 25. Bxc6 1-0

[Event "Puerto Boyaca op"]
[Site "Puerto Boyaca"]
[Date "2012.04.28"]
[Round "4"]
[White "Rodriguez Rueda, Paula Andrea"]
[Black "Palacios, Ivan"]
[Result "1-0"]
[WhiteElo "2219"]
[BlackElo "2061"]
[PlyCount "48"]
[EventDate "2012.04.26"]
[EventType "swiss"]
[EventRounds "10"]
[EventCountry "COL"]
[SourceTitle "CBM 148 Extra"]
[Source "ChessBase"]
[SourceDate "2012.06.22"]
[SourceVersion "1"]
[SourceVersionDate "2012.06.22"]
[SourceQuality "1"]

1. d4 d5 2. c4 c6 3. e3 Nf6 4. Nc3 Bf5 5. Nf3 e6 6. Be2 Nbd7 7. 0-0 Bd6 8. b3 h6 9. Bb2 Rc8 10. Re1 Bb8 11. Ba3 Qa5 12. Qc1 g5 13. Qb2 Be4 14. Rac1 a6 15. Nd2 h5 16. f3 Qc7 17. Nf1 Bf5 18. e4 dxe4 19. fxe4 Bg4 20. e5 Ng8 21. Ne4 Nb6 22. Nd6+ Kd8 23. Bd3 Nh6 24. Qf2 Qe7 1-0

[Event "Monteria op"]
[Site "Monteria"]
[Date "2011.11.14"]
[Round "7"]
[White "Anzola, Apolinar"]
[Black "Palacios, Ivan"]
[Result "0-1"]
[WhiteElo "1713"]
[BlackElo "2057"]
[PlyCount "83"]
[EventDate "2011.11.12"]
[EventType "swiss"]
[EventRounds "7"]
[EventCountry "COL"]
[SourceTitle "EXT 2012"]
[Source "ChessBase"]
[SourceDate "2011.11.24"]
[SourceVersion "1"]
[SourceVersionDate "2011.11.24"]
[SourceQuality "1"]

1. e4 e5 2. Nf3 Nf6 3. Nc3 Nc6 4. Bc4 Bb4 5. 0-0 Bxc3 6. bxc3 d6 7. d3 0-0 8. Bg5 Bg4 9. h3 Be6 10. Bb3 Kh8 11. Rb1 b6 12. d4 Bxb3 13. cxb3 h6 14. dxe5 hxg5 15. exf6 gxf6 16. Nh2 Qe7 17. Qd5 Ne5 18. f4 c6 19. Qd1 Ng6 20. fxg5 fxg5 21. Rf5 Qxe4 22. Qh5+ Kg7 23. Rbf1 f6 24. Qd1 d5 25. a3 Rae8 26. R5f2 Nf4 27. Nf3 Ne2+ 28. Rxe2 Qxe2 29. Qxe2 Rxe2 30. Nd4 Rd2 31. Rf3 c5 32. Nb5 Ra2 33. Nxa7 Re8 34. Nb5 Re1+ 35. Kh2 Ree2 36. Rg3 Kg6 37. b4 Red2 38. Nc7 d4 39. Nd5 Rdc2 40. h4 b5 41. hxg5 fxg5 42. bxc5 0-1

[Event "COL-chT"]
[Site "Medelin"]
[Date "2011.11.04"]
[Round "4.2"]
[White "Palacios, Ivan"]
[Black "Castro, Natalia Patricia"]
[Result "0-1"]
[WhiteElo "2057"]
[BlackElo "1992"]
[PlyCount "60"]
[EventDate "2011.11.02"]
[EventType "team-swiss"]
[EventRounds "6"]
[EventCountry "COL"]
[SourceTitle "EXT 2012"]
[Source "ChessBase"]
[SourceDate "2011.11.24"]
[SourceVersion "1"]
[SourceVersionDate "2011.11.24"]
[SourceQuality "1"]
[WhiteTeam "Cochoreme"]
[BlackTeam "Liga Atlantico (W)"]
[WhiteTeamCountry "COL"]
[BlackTeamCountry "COL"]

1. e4 c5 2. Nf3 Nc6 3. d4 cxd4 4. Nxd4 e5 5. Nf3 Nf6 6. Bc4 h6 7. 0-0 Be7 8. Nc3 0-0 9. Re1 d6 10. h3 Na5 11. Bf1 Be6 12. Nd5 Rc8 13. c3 Nd7 14. Qa4 Nc6 15. Be3 f5 16. Nxe7+ Qxe7 17. exf5 Rxf5 18. Rad1 d5 19. b4 a6 20. b5 Ncb8 21. bxa6 Nxa6 22. Rb1 Nac5 23. Bxc5 Nxc5 24. Qb4 Qf6 25. Re3 e4 26. Nd4 Rxf2 27. Nxe6 Nxe6 28. Qxb7 Rf8 29. Qa6 Qf5 30. Rg3 Nc7 0-1